Cyberbullying / (Record no. 2022)

MARC details
000 -LEADER
fixed length control field 01655cam a2200325 a 4500
001 - CONTROL NUMBER
control field 2022
003 - CONTROL NUMBER IDENTIFIER
control field FISKH
005 - DATE AND TIME OF LATEST TRANSACTION
control field 20231120150556.0
008 - FIXED-LENGTH DATA ELEMENTS--GENERAL INFORMATION
fixed length control field 120907s2013 ctua j b 001 0 eng
010 ## - LIBRARY OF CONGRESS CONTROL NUMBER
LC control number 2012036048
020 ## - INTERNATIONAL STANDARD BOOK NUMBER
International Standard Book Number 9780531255223 (library binding)
020 ## - INTERNATIONAL STANDARD BOOK NUMBER
International Standard Book Number 9780531239223 (pbk.)
040 ## - CATALOGING SOURCE
Original cataloging agency DLC
Transcribing agency DLC
Modifying agency DLC
Language of cataloging eng
042 ## - AUTHENTICATION CODE
Authentication code pcc
050 00 - LIBRARY OF CONGRESS CALL NUMBER
Classification number HV6773.15.C92
Item number R33 2013
082 00 - DEWEY DECIMAL CLASSIFICATION NUMBER
Classification number 302.34/302854678
Edition number 23
100 1# - MAIN ENTRY--PERSONAL NAME
Personal name Raatma, Lucia.
245 10 - TITLE STATEMENT
Title Cyberbullying /
Statement of responsibility, etc. Lucia Raatma.
260 ## - PUBLICATION, DISTRIBUTION, ETC.
Place of publication, distribution, etc. New York :
Name of publisher, distributor, etc. Scholastic,
Date of publication, distribution, etc. 2013.
300 ## - PHYSICAL DESCRIPTION
Extent 48 pages :
Other physical details color illustrations ;
Dimensions 22 cm
490 0# - SERIES STATEMENT
Series statement A true book
505 ## - FORMATTED CONTENTS NOTE
Formatted contents note S<br/>
520 ## - SUMMARY, ETC.
Summary, etc. Sometimes the most difficult skills to learn are the basic ones that help us stay healthy and safe. With this new True Book series, readers will discover how to think critically about some of the everyday decisions they will face throughout their lives, from dealing with bullies to choosing a healthy diet. Key Features: Compelling questions encourage readers to think about how these principles apply to their lives Glossaries provide definitions of important vocabulary words Exciting photos complement the text and hook the reader's interest Sidebars and timelines illustrate how these issues affect people in different ways Additional content for further learning on this subject available at www.factsfornow.scholastic.com
521 8# - TARGET AUDIENCE NOTE
Target audience note 790<br/>
Source Lexile<br/>
521 8# - TARGET AUDIENCE NOTE
Target audience note S<br/>
Source Raz-Plus<br/>
650 #0 - SUBJECT ADDED ENTRY--TOPICAL TERM
Topical term or geographic name entry element Cyberbullying
Form subdivision Juvenile literature.
650 #0 - SUBJECT ADDED ENTRY--TOPICAL TERM
Topical term or geographic name entry element Cyberbullying
General subdivision Prevention
Form subdivision Juvenile literature.
906 ## - LOCAL DATA ELEMENT F, LDF (RLIN)
a 7
b cbc
c orignew
d 1
e ecip
f 20
g y-gencatlg
942 ## - ADDED ENTRY ELEMENTS (KOHA)
Source of classification or shelving scheme Dewey Decimal Classification
Koha item type Books
Suppress in OPAC No
Holdings
Withdrawn status Lost status Source of classification or shelving scheme Damaged status Not for loan Collection Home library Current library Shelving location Date acquired Total Checkouts Full call number Barcode Date due Date last seen Date last checked out Price effective from Koha item type
    Dewey Decimal Classification     Non-Fiction Footprints International School Library Network Toul Kork Campus Footprints International School Library Network Toul Kork Campus A TK Campus, 4th Floor, Room B401, Non-Fiction Bookcases(7-8) 10/30/2023 1 RAA 302.34 HV6773.C92 FISTK05531 04/14/2026 03/31/2026 03/31/2026 10/30/2023 Books